000 00982cab a2200265 4500
001 WB3227-46
008 090401t1996 xxu||||| |||| 00| 0 eng d
035 _a(Sirsi) u50670
041 _aeng
245 _aSlough Estates wins £48m damages
260 _c1996
350 _a0
490 _aFinancial Times
_v12 July 1996, 19
490 _aDaily Telegraph
_v12 July 1996, 14(2)
520 _aSlough Estates have been awarded damages against Welwyn Hatfield DC after the council lied about the type of tenants that the Galleria would be allowed to attract; Slough were developing a rival shopping centre, the Howard Centre and had not been fully informed about a relaxtion of restrictions at the Galleria.
650 _aGALLERIA
650 _aHOWARD CENTRE
650 _aSLOUGH ESTATES
650 _aTENANT MIX AGREEMENT
650 _aWELWYN GARDEN CITY
650 _aWELWYN HATFIELD DC
690 _aPLANNING LAW AND PRACTICE
942 _n0
948 _c04/03/1997
999 _c31623
_d31623